Normal view MARC view

Entry Personal Name

Number of records used in: 6

001 - CONTROL NUMBER

  • control field: 20002

003 - CONTROL NUMBER IDENTIFIER

  • control field: dpl

005 - DATE AND TIME OF LATEST TRANSACTION

  • control field: 20100914141626.0

008 - FIXED-LENGTH DATA ELEMENTS

  • fixed length control field: 100914|||a|||||| | ||| d

040 ## - CATALOGING SOURCE

  • Original cataloging agency: dpl
  • Transcribing agency: dpl

100 ## - HEADING--PERSONAL NAME

  • Personal name: Bakshi, Anand

670 ## - SOURCE DATA FOUND

  • Source citation: Work cat.: (dpl): Mangeshkar, Lata 1184, Pratiggya /, 1975

670 ## - SOURCE DATA FOUND

  • Source citation: Work cat.: (dpl): Mangeshkar, Lata 1184, Pratiggya /, 1975

© Delhi Public Library
Hit Counter
free hit counter